The language controversy and the minorities / (Record no. 127612)

MARC details
000 -LEADER
fixed length control field 00696nam a22002297a 4500
005 - DATE AND TIME OF LATEST TRANSACTION
control field 20170124110028.0
010 ## - LIBRARY OF CONGRESS CONTROL NUMBER
LC control number 599928
020 ## - INTERNATIONAL STANDARD BOOK NUMBER
Terms of availability 10.00
035 ## - SYSTEM CONTROL NUMBER
System control number 599928
037 ## - SOURCE OF ACQUISITION
Source of stock number/acquisition Cen Lib/Ret
040 ## - CATALOGING SOURCE
Original cataloging agency DPL
Language of cataloging EN
082 ## - DEWEY DECIMAL CLASSIFICATION NUMBER
Classification number 409.54
Item number SRI
100 ## - MAIN ENTRY--PERSONAL NAME
Personal name Srivastava, Gopi Nath
9 (RLIN) 21004
245 ## - TITLE STATEMENT
Title The language controversy and the minorities /
Statement of responsibility, etc by Gopi Nath Shrivastava
260 ## - PUBLICATION, DISTRIBUTION, ETC. (IMPRINT)
Place of publication, distribution, etc Delhi
Name of publisher, distributor, etc Atma Ram
Date of publication, distribution, etc 1970
270 ## - ADDRESS
City Delhi
Address Kashmere Gate
Postal code 110006
300 ## - PHYSICAL DESCRIPTION
Extent xiii,160p.
Dimensions 20cm(Hb)
500 ## - GENERAL NOTE
General note Includes bibliographical references<br/>
650 ## - SUBJECT ADDED ENTRY--TOPICAL TERM
Topical term or geographic name as entry element India -- Languages
9 (RLIN) 20243
650 ## - SUBJECT ADDED ENTRY--TOPICAL TERM
Topical term or geographic name as entry element SoLinguistic minorities -- India
9 (RLIN) 21005
942 ## - ADDED ENTRY ELEMENTS (KOHA)
Source of classification or shelving scheme Dewey Decimal Classification
Koha item type English Books
Classification part 409.54
Call number suffix SRI
Holdings
Withdrawn status Lost status Damaged status Not for loan Home library Current library Date acquired Source of acquisition Cost, normal purchase price Total Checkouts Full call number Barcode Date last seen Date checked out Copy number Cost, replacement price Price effective from Koha item type
        Central Library Central Library 30/06/2015 Cen Lib/Ret 10.00 1 409.54 SRI 599928 04/09/2019 02/09/2019 1 10.00 30/06/2015 English Books

© Delhi Public Library
Hit Counter
free hit counter